Ese cuarto de siglo: veinticinco años de vida universitaria en la A.N.E.C.: 1915-1941
I tiakina i:
| Kaituhi matua: | |
|---|---|
| Hōputu: | Pukapuka |
| Reo: | Pāniora |
| I whakaputaina: |
Santiago
Andrés Bello
1985
|
| Ngā marau: | |
| Ngā Tūtohu: |
Tāpirihia he Tūtohu
Kāore He Tūtohu, Me noho koe te mea tuatahi ki te tūtohu i tēnei pūkete!
|
MARC
| LEADER | 00000nam a2200000 a 4500 | ||
|---|---|---|---|
| 001 | UCV2166 | ||
| 003 | CL-VaPUC | ||
| 008 | 920108e19850000CL |||||||||||||||||spa|d | ||
| 082 | 0 | 4 | |a 324.3 |b GOM |2 21 |
| 100 | 0 | |a Gómez Ugarte, Jorge |e author |9 257423 | |
| 245 | 1 | 0 | |a Ese cuarto de siglo: veinticinco años de vida universitaria en la A.N.E.C.: 1915-1941 |
| 300 | |a 171 p | ||
| 942 | |c BK | ||
| 945 | |d 19920108 00:00:00 | ||
| 260 | |a Santiago |b Andrés Bello |c 1985 | ||
| 600 | 0 | 7 | |a GOMEZ UGARTE, JORGE |2 CL-VaPUC |9 257423 |
| 600 | 0 | 7 | |a ASOCIACION NACIONAL DE ESTUDIANTES CATOLICOS CHILE |2 CL-VaPUC |9 257424 |
| 583 | |a last modification |c 19920108 00:00:00 |k Rodrigo Vera | ||
| 999 | |c 209840 |d 209838 | ||
| 952 | |0 0 |1 0 |4 0 |6 324_300000000000000_GOM_1985 |7 0 |8 A |9 185654 |a BIBDER |b BIBDER |d 2019-11-14 |i 2530945 |o 324.3 GOM 1985 |p 2530945 |r 2023-01-25 |w 2019-11-14 |y BK |k DER | ||
| 952 | |0 0 |1 0 |4 0 |6 324_300000000000000_GOM_1985 |7 0 |8 A |9 185655 |a BIBHIS |b BIBHIS |d 2019-11-14 |i 1254723 |o 324.3 GOM 1985 |p 1254723 |r 2025-01-20 |w 2019-11-14 |y BK |k HIS | ||